India's parliamentary democracy on trial/ (Record no. 68998)

MARC details
000 -LEADER
fixed length control field 00870nam a22002177a 4500
005 - DATE AND TIME OF LATEST TRANSACTION
control field 20120814103027.0
010 ## - LCCN (DPL NO)
LC control number B-456803
020 ## - INTERNATIONAL STANDARD BOOK NUMBER
International Standard Book Number 9788129118042
Terms of availability 595.00
035 ## - SYSTEM CONTROL NUMBER
System control number B-456803
037 ## - SOURCE OF ACQUISITION
Stock number dpl
Source of stock number/acquisition K.K.Pub/Ven
082 ## - DEWEY DECIMAL CLASSIFICATION NUMBER
Classification number 328.3340954
100 ## - MAIN ENTRY--PERSONAL NAME
Personal name Gadbole, Madhav
245 ## - TITLE STATEMENT
Title India's parliamentary democracy on trial/
Statement of responsibility, etc by Madhav Godbole
260 ## - PUBLICATION, DISTRIBUTION, ETC. (IMPRINT)
Place of publication, distribution, etc New Delhi
Name of publisher, distributor, etc Rupa
Date of publication, distribution, etc 2011
270 ## - ADDRESS
Address 7/16 Ansari road daryaganj
City New Delhi
Postal code 110002
300 ## - PHYSICAL DESCRIPTION
Extent 419p.
Dimensions 23cm. (Hb)
500 ## - GENERAL NOTE
General note it includes index
942 ## - ADDED ENTRY ELEMENTS (KOHA)
Source of classification or shelving scheme Dewey Decimal Classification
Item type English Books
Call number suffix GOD
Classification part 328.3340954
Holdings
Withdrawn status Lost status Not for loan Collection code Home library Current library Date acquired Source of acquisition Cost, normal purchase price Full call number Barcode Copy number Cost, replacement price Koha item type
      Non-fiction Central Library Central Library 16/08/2012 K.K.Pub/1636/20.01.2012/19/16.01.2012/03.02.2012 595.00 328.3340954 GOD B-456803 1 595.00 English Books

© Delhi Public Library
Hit Counter
free hit counter